[Event "Zuerich Seniors op 08th"]
[Site "Zuerich"]
[Date "2010.02.??"]
[Round "?"]
[White "Guebeli, Albert"]
[Black "Trcek, Ciril"]
[Result "1/2-1/2"]
[WhiteElo "1823"]
[BlackElo "2036"]
[PlyCount "58"]
[EventDate "2010.01.25"]
[EventType "swiss"]
[EventRounds "9"]
[EventCountry "SUI"]
[SourceTitle "EXT 2022"]
[Source "ChessBase"]
[SourceDate "2021.10.06"]
[SourceVersion "1"]
[SourceVersionDate "2021.10.06"]
[SourceQuality "1"]

1. e4 e5 2. Nc3 Bc5 3. Nf3 Nc6 4. Be2 Nge7 5. Na4 Bb6 6. Nxb6 axb6 7. d4 exd4 8. Nxd4 0-0 9. 0-0 d5 10. exd5 Qxd5 11. Nxc6 Qxc6 12. Bf3 Qf6 13. c3 Be6 14. Be3 Rfd8 15. Qc1 h6 16. Bxb7 Rxa2 17. Rxa2 Bxa2 18. Be4 c5 19. Rd1 Re8 20. Qc2 Qe6 21. Qd3 Bb3 22. Qd7 Kf8 23. Qxe6 Bxe6 24. h3 g5 25. f4 Nf5 26. Bxf5 Bxf5 27. Kf2 f6 28. Rd6 Re6 29. Rd8+ Re8 1/2-1/2